Países megadiversos - Estadísticas

Estadísticas generales
  • Esta prueba ha sido intentada 59 veces
    44 desde el último reinicio
  • La puntuación promedio es 16 de 20
Estadísticas de respuestas
Respuesta % Correcto
Brasil
100%
China
95%
Estados Unidos
95%
México
95%
Australia
92%
Colombia
89%
Venezuela
87%
India
82%
Perú
79%
Sudáfrica
79%
Tailandia
79%
Ecuador
76%
Indonesia
76%
República Democrática del Congo
76%
Vietnam
76%
Malasia
68%
Bolivia
66%
Tanzania
63%
Myanmar
55%
Papúa Nueva Guinea
47%
No se encontraron pruebas coincidentes
Distribución de puntuación
Porcentaje de gente con cada puntuación
Porcentaje por número respondido
Historial de tus puntuaciones
No has intentado esta prueba desde el último reinicio